The world almanac and book of facts 2002

保存先:
書誌詳細
フォーマット: 図書
言語:Undetermined
出版事項: U.S.A. World Almanac Books 2002
主題:
タグ: タグ追加
タグなし, このレコードへの初めてのタグを付けませんか!
Thư viện lưu trữ: Trung tâm Học liệu Trường Đại học Cần Thơ
LEADER 00415nam a2200157Ia 4500
001 CTU_126242
008 210402s9999 xx 000 0 und d
082 |a 314 
082 |b W927/2002 
245 4 |a The world almanac and book of facts 2002 
260 |a U.S.A. 
260 |b World Almanac Books 
260 |c 2002 
650 |a Almanacs 
904 |i Giang 
980 |a Trung tâm Học liệu Trường Đại học Cần Thơ